000 00472nam a2200181Ia 4500
003 GCL
008 140319s9999 xx 000 0 eng d
040 _aGCL /
_cGCL
082 0 4 _aCH
_b823.087
_bF F
100 1 _aFABBRI, TONY
245 1 0 _aSLEEPING BEAUTY THE PRINCESS AND THE PEA /
_cFABBRI, TONY
260 _a[S.N] :
_bLADYBURD BOOKS ،
_c1993
650 0 4 _aLITERATURE
650 0 4 _aCHILDREN
650 0 4 _aTALES
650 0 4 _aCHILDREN - STORIES
942 _2ddc
_cBK
999 _c18395
_d18395